000 00800nam a2200253Ia 4500
003 OSt
005 20221005091016.0
006 a|||||r|||| 00| 0
007 ta
008 221004b |||||||| |||| 00| 0 eng d
020 _a0195099028
_c1010
024 _a82142
037 _b18704, 30/03/2005, Segment Book Distributors
_cTextual
040 _aCRL
_cCRL
_beng
041 _2eng
_aeng
082 _aX.1.N9<---J0, N6
100 _aKindleberger Charles P.
245 0 _aWorld economic primacy
_b 1500-1990
260 _aNew York
_bOxford University Press U. S. A.
_c1996
300 _a269p.
_ccm.
650 _aECONOMIC POLICY - WORLD
942 _hX.1.N9<---J0, N6
_cTEXL
_2cc
999 _c996711
_d996711